Amrat-ul-Manajeeh (Vol VI) (Record no. 7198)
[ view plain ]
| 000 -LEADER | |
|---|---|
| fixed length control field | 00387 a2200121 4500 |
| 082 ## - DEWEY DECIMAL CLASSIFICATION NUMBER | |
| Classification number | 297.124 |
| 100 ## - MAIN ENTRY--PERSONAL NAME | |
| Personal name | Khan, Ahmad Yaar |
| 245 ## - TITLE STATEMENT | |
| Title | Amrat-ul-Manajeeh (Vol VI) |
| Statement of responsibility, etc. | Ahmad Yaar Khan |
| Medium | [Urdu] |
| 260 ## - PUBLICATION, DISTRIBUTION, ETC. | |
| Place of publication, distribution, etc. | Lahore: |
| Name of publisher, distributor, etc. | Zia-ul-Quran Publications, |
| Date of publication, distribution, etc. | 1959. |
| 300 ## - PHYSICAL DESCRIPTION | |
| Extent | 688 p. ; |
| Dimensions | 25 cm. |
| 650 ## - SUBJECT ADDED ENTRY--TOPICAL TERM | |
| Topical term or geographic name entry element | 1.Quran (Surahs) -- Commentaries. 2.Quran -- Translations into Urdu |
| 942 ## - ADDED ENTRY ELEMENTS (KOHA) | |
| Koha item type | Book |
| Call number prefix | 297.124 KHA |
| Withdrawn status | Lost status | Damaged status | Not for loan | Collection code | Permanent Location | Current Location | Shelving location | Date acquired | Full call number | Barcode | Date last seen | Price effective from | Koha item type |
|---|---|---|---|---|---|---|---|---|---|---|---|---|---|
| Central Library (CL) | Central Library (CL) | First Floor - Islam | 05/18/2014 | 297.124 KHA | SEECS000219 | 11/14/2012 | 01/05/2017 | Reference |
